[Event "ESP-ch rapid"]
[Site "Linares"]
[Date "2017.08.13"]
[Round "7"]
[White "Espinosa Aranda, Angel"]
[Black "Podvin, Francois Xavier"]
[Result "0-1"]
[WhiteElo "2454"]
[BlackElo "2167"]
[PlyCount "104"]
[EventDate "2017.08.13"]
[EventType "swiss (rapid)"]
[EventRounds "9"]
[EventCountry "ESP"]
[SourceTitle "CBM 179 Extra"]
[Source "ChessBase"]
[SourceDate "2017.08.23"]
[SourceVersion "1"]
[SourceVersionDate "2017.08.23"]
[SourceQuality "1"]

1. e4 c5 2. Nf3 Nc6 3. d4 cxd4 4. Nxd4 g6 5. c4 Nf6 6. Nc3 Nxd4 7. Qxd4 d6 8. Be2 Bg7 9. Be3 0-0 10. Qd2 Be6 11. 0-0 Qa5 12. Rac1 Rfc8 13. b3 a6 14. Bf3 Rab8 15. Ba7 Ra8 16. Bd4 Rab8 17. Rfe1 Nd7 18. Bxg7 Kxg7 19. Qb2 Qe5 20. Be2 b5 21. cxb5 axb5 22. Qd2 b4 23. Nd5 Rxc1 24. Qxc1 Bxd5 25. exd5 Nc5 26. Bc4 Qf6 27. Qd2 Ra8 28. g3 h5 29. h4 Nd7 30. f4 Nc5 31. Kg2 Nd7 32. Rf1 Qf5 33. Re1 Qf6 34. Qe2 Nb6 35. Rc1 Qd4 36. Rd1 Qc3 37. f5 Nxc4 38. bxc4 Ra3 39. Qf2 Qxc4 40. Rd2 Qe4+ 41. Kh2 Re3 42. fxg6 fxg6 43. Rb2 Re1 44. Qg2 Qd4 45. Rd2 Qe5 46. Rb2 g5 47. hxg5 h4 48. Kh3 Rh1+ 49. Kg4 Qd4+ 50. Kf5 Rg1 51. Qf2 Qe5+ 52. Kg4 Rxg3+ 0-1

[Event "ESP-ch rapid"]
[Site "Linares"]
[Date "2017.08.13"]
[Round "8"]
[White "Podvin, Francois Xavier"]
[Black "Perez Mitjans, Orelvis"]
[Result "1-0"]
[WhiteElo "2167"]
[BlackElo "2399"]
[PlyCount "59"]
[EventDate "2017.08.13"]
[EventType "swiss (rapid)"]
[EventRounds "9"]
[EventCountry "ESP"]
[SourceTitle "CBM 179 Extra"]
[Source "ChessBase"]
[SourceDate "2017.08.23"]
[SourceVersion "1"]
[SourceVersionDate "2017.08.23"]
[SourceQuality "1"]

1. e4 c5 2. Nf3 g6 3. d4 cxd4 4. Nxd4 Bg7 5. Nc3 Nc6 6. Be3 Nf6 7. Bc4 Qa5 8. 0-0 0-0 9. Bb3 d6 10. h3 Bd7 11. Re1 Rfe8 12. Nf3 Rac8 13. Bg5 h6 14. Bd2 Qd8 15. Nd5 Nxd5 16. exd5 Na5 17. c3 Nc4 18. Bxc4 Rxc4 19. Be3 Qa5 20. Qd2 Kh7 21. Qd3 Rc7 22. h4 Bf5 23. Qd2 Be4 24. Bb6 Qxb6 25. Rxe4 Qa6 26. Qf4 Kg8 27. h5 g5 28. Nxg5 hxg5 29. Qxg5 Kh8 30. Rg4 1-0

[Event "Pardubice Czech op-A 28th"]
[Site "Pardubice"]
[Date "2017.07.29"]
[Round "9"]
[White "Podvin, Francois Xavier"]
[Black "Shailesh, Dravid"]
[Result "0-1"]
[WhiteElo "2180"]
[BlackElo "2260"]
[PlyCount "112"]
[EventDate "2017.07.21"]
[EventType "swiss"]
[EventRounds "9"]
[EventCountry "CZE"]
[SourceTitle "CBM 179 Extra"]
[Source "ChessBase"]
[SourceDate "2017.08.23"]
[SourceVersion "1"]
[SourceVersionDate "2017.08.23"]
[SourceQuality "1"]

1. e4 d5 2. Nc3 e6 3. d4 Nf6 4. e5 Nfd7 5. f4 c5 6. Nf3 Be7 7. Be3 0-0 8. Qd2 b6 9. Be2 Ba6 10. 0-0 Bxe2 11. Nxe2 Nc6 12. c3 b5 13. f5 exf5 14. Nf4 cxd4 15. Nxd4 Ncxe5 16. Nxf5 Nc4 17. Qxd5 Nxe3 18. Nxe3 Bc5 19. Rf3 Re8 20. Re1 Ne5 21. Rg3 Qb6 22. Kf1 Rad8 23. Qe4 Ng4 24. Nxg4 Rxe4 25. Rxe4 f5 26. Re6 Qb8 27. Ne5 Rd1+ 28. Ke2 Rd6 29. Nc6 Qc8 30. Ne5 Qd8 31. Ned3 Bb6 32. Re5 Qd7 33. Rg5 Bd8 34. Rg3 Bb6 35. Rg5 Bd8 36. Rg3 Bf6 37. Ree3 Kf7 38. Nh5 Re6 39. Nxf6 Kxf6 40. a3 g6 41. Rxe6+ Qxe6+ 42. Re3 Qd5 43. Kf2 Qc4 44. h3 a5 45. Ne5 Qd5 46. Nf3 f4 47. Re2 a4 48. Rd2 Qc5+ 49. Rd4 g5 50. Kf1 h6 51. Rb4 Qe3 52. Nd4 h5 53. Rxb5 g4 54. Rb6+ Kf7 55. hxg4 hxg4 56. Re6 Qc1+ 0-1

[Event "Pardubice Czech op-A 28th"]
[Site "Pardubice"]
[Date "2017.07.21"]
[Round "1"]
[White "Podvin, Francois Xavier"]
[Black "Bruedigam, Martin"]
[Result "0-1"]
[WhiteElo "2180"]
[BlackElo "2410"]
[PlyCount "88"]
[EventDate "2017.07.21"]
[EventType "swiss"]
[EventRounds "9"]
[EventCountry "CZE"]
[SourceTitle "CBM 179 Extra"]
[Source "ChessBase"]
[SourceDate "2017.08.23"]
[SourceVersion "1"]
[SourceVersionDate "2017.08.23"]
[SourceQuality "1"]

1. e4 e5 2. Nf3 Nc6 3. Bc4 Bc5 4. d3 d6 5. c3 Nf6 6. Bg5 h6 7. Bh4 a6 8. 0-0 Ba7 9. b4 Qe7 10. a4 Bg4 11. Nbd2 Nd8 12. h3 Be6 13. Kh1 g5 14. Bg3 Nh5 15. Nh2 Ng7 16. Ng4 h5 17. Ne3 Bxe3 18. fxe3 f6 19. b5 a5 20. Qe2 b6 21. d4 0-0 22. Rf2 Nb7 23. Raf1 Kh7 24. h4 g4 25. Bd3 Rae8 26. Rc1 Kh8 27. c4 Bg8 28. Bh2 Bh7 29. Re1 Nd8 30. c5 dxc5 31. dxc5 Qxc5 32. Nf1 Qe7 33. Ng3 Nb7 34. Bc4 Nc5 35. Bd5 Nxa4 36. Nxh5 Nxh5 37. Qxg4 Ng7 38. h5 Ne6 39. Ref1 Ng5 40. h6 Nc5 41. Qxg5 fxg5 42. Rxf8+ Bg8 43. R1f7 Qxf7 44. Bxe5+ Kh7 0-1

[Event "Las Palmas Montalvo Memorial 10th"]
[Site "Las Palmas"]
[Date "2017.04.14"]
[Round "8"]
[White "Podvin, Francois Xavier"]
[Black "Perez Perez, Gabriel"]
[Result "1/2-1/2"]
[WhiteElo "2175"]
[BlackElo "1899"]
[PlyCount "60"]
[EventDate "2017.04.08"]
[EventType "swiss"]
[EventRounds "9"]
[EventCountry "ESP"]
[SourceTitle "CBM 177 Extra"]
[Source "ChessBase"]
[SourceDate "2017.04.27"]
[SourceVersion "1"]
[SourceVersionDate "2017.04.27"]
[SourceQuality "1"]

1. e4 c5 2. Nf3 d6 3. d4 cxd4 4. Nxd4 Nf6 5. Nc3 a6 6. Bg5 e6 7. f4 Nbd7 8. Qe2 Qc7 9. 0-0-0 Be7 10. g4 b5 11. a3 Bb7 12. Bg2 Nb6 13. h4 0-0-0 14. Rh3 Kb8 15. f5 e5 16. Nb3 h6 17. Be3 Nfd7 18. Nd5 Nxd5 19. exd5 Nc5 20. Nxc5 dxc5 21. c4 Qb6 22. Kb1 f6 23. Qc2 bxc4 24. Qxc4 Qb5 25. b3 Qxc4 26. bxc4 Bc8 27. h5 Bd6 28. Kc2 Ka7 29. Be4 Bd7 30. Rb1 Rb8 1/2-1/2

[Event "PRO League Stage"]
[Site "Chess.com INT"]
[Date "2017.02.15"]
[Round "6"]
[White "Adu, Oladapo"]
[Black "Podvin, Francois Xavier"]
[Result "0-1"]
[WhiteElo "2288"]
[BlackElo "2145"]
[PlyCount "23"]
[EventDate "2017.01.11"]
[EventType "team-swiss (rapid)"]
[EventRounds "7"]
[EventCountry "USA"]
[SourceTitle "CBM 176 Extra"]
[Source "ChessBase"]
[SourceDate "2017.03.02"]
[SourceVersion "1"]
[SourceVersionDate "2017.03.02"]
[SourceQuality "1"]
[WhiteTeam "Abuja Rockstars"]
[BlackTeam "Cannes Blockbusters"]
[WhiteTeamCountry "NGR"]
[BlackTeamCountry "FRA"]

1. e4 c5 2. Nf3 Nc6 3. d3 g6 4. g3 Bg7 5. Bg2 d6 6. 0-0 Nf6 7. Re1 0-0 8. c3 e5 9. a3 a5 10. a4 Re8 11. Na3 h6 12. Nb5 0-1

[Event "Andorra op 34th"]
[Site "Escaldes"]
[Date "2016.08.08"]
[Round "6"]
[White "Berkovich, Mark A"]
[Black "Podvin, Francois Xavier"]
[Result "1-0"]
[WhiteElo "2346"]
[BlackElo "2165"]
[PlyCount "45"]
[EventDate "2016.08.03"]
[EventType "swiss"]
[EventRounds "9"]
[EventCountry "AND"]
[SourceTitle "CBM 173 Extra"]
[Source "ChessBase"]
[SourceDate "2016.08.29"]
[SourceVersion "1"]
[SourceVersionDate "2016.08.29"]
[SourceQuality "1"]

1. c4 c5 2. Nc3 g6 3. g3 Bg7 4. Bg2 Nc6 5. Nf3 e6 6. d4 cxd4 7. Nb5 d5 8. cxd5 Qa5+ 9. Nd2 Qxb5 10. a4 Qa6 11. dxc6 Ne7 12. b4 bxc6 13. b5 Qa5 14. 0-0 Nd5 15. Ba3 cxb5 16. axb5 Qxb5 17. Ne4 Qd7 18. Nd6+ Kd8 19. Qd2 a5 20. Bxd5 exd5 21. Qg5+ f6 22. Qxd5 Ra6 23. Rac1 1-0

[Event "Avoine op 31st"]
[Site "Avoine"]
[Date "2016.07.24"]
[Round "2"]
[White "Migot, Tangi"]
[Black "Podvin, Francois Xavier"]
[Result "1-0"]
[WhiteElo "2381"]
[BlackElo "2165"]
[PlyCount "77"]
[EventDate "2016.07.23"]
[EventType "swiss"]
[EventRounds "9"]
[EventCountry "FRA"]
[SourceTitle "CBM 173 Extra"]
[Source "ChessBase"]
[SourceDate "2016.08.29"]
[SourceVersion "1"]
[SourceVersionDate "2016.08.29"]
[SourceQuality "1"]

1. Nf3 c5 2. c4 g6 3. d4 cxd4 4. Nxd4 Nc6 5. e4 Nf6 6. Nc3 Nxd4 7. Qxd4 d6 8. f3 Bg7 9. Be3 0-0 10. Qd2 Be6 11. Bd3 Qa5 12. Rc1 Rfc8 13. b3 a6 14. Ne2 Qxd2+ 15. Kxd2 Nd7 16. Nf4 Nc5 17. Be2 Be5 18. b4 Bxf4 19. Bxf4 Nd7 20. Rc2 Rc6 21. Rhc1 Rac8 22. a3 Nb6 23. c5 dxc5 24. Rxc5 Rxc5 25. bxc5 Nd7 26. c6 bxc6 27. Bxa6 Ra8 28. Rxc6 Nc5 29. Rxc5 Rxa6 30. Rc3 f6 31. Be3 Kf7 32. Bc5 Bd7 33. Bb4 Bc6 34. Ke3 Ke6 35. Kd4 h5 36. g3 Kd7 37. f4 Ke6 38. Rc5 Ba4 39. Rc7 1-0

[Event "Cappelle op 32nd"]
[Site "Cappelle la Grande"]
[Date "2016.02.17"]
[Round "6"]
[White "Podvin, Francois Xavier"]
[Black "Grinberg, Eyal"]
[Result "1-0"]
[WhiteElo "2131"]
[BlackElo "2418"]
[PlyCount "169"]
[EventDate "2016.02.13"]
[EventType "swiss"]
[EventRounds "9"]
[EventCountry "FRA"]
[SourceTitle "EXT 2017"]
[Source "ChessBase"]
[SourceDate "2016.10.25"]
[SourceVersion "1"]
[SourceVersionDate "2016.10.25"]
[SourceQuality "1"]

1. e4 c5 2. Nf3 d6 3. Bb5+ Bd7 4. Bxd7+ Qxd7 5. c4 e5 6. 0-0 Ne7 7. Nc3 Nbc6 8. d3 g6 9. a3 a5 10. Rb1 Bg7 11. Nd5 Nxd5 12. cxd5 Ne7 13. b4 cxb4 14. axb4 a4 15. b5 a3 16. Qb3 a2 17. Ra1 Ra5 18. Rxa2 Rxa2 19. Qxa2 Qxb5 20. Nd2 0-0 21. Nc4 Qd7 22. Ba3 Nc8 23. Rb1 b5 24. Na5 Na7 25. Qb3 Rb8 26. Qb4 Rb6 27. Bc1 Qc7 28. Be3 Ra6 29. Bxa7 Qxa5 30. Qxa5 Rxa5 31. Be3 Ra8 32. Kf1 Rb8 33. Ke1 f5 34. f3 Bf6 35. Bd2 Kf7 36. Bb4 Be7 37. Kd2 h5 38. Kc3 f4 39. Ra1 Rb7 40. Ra6 Rd7 41. Rb6 g5 42. Rxb5 g4 43. Kd2 Ra7 44. Ra5 Rb7 45. Bc3 Bd8 46. Ra2 Bb6 47. Rb2 Be3+ 48. Ke2 Rc7 49. Bd2 Bd4 50. Ra2 Rb7 51. Be1 Rb1 52. Bf2 Rh1 53. Bxd4 exd4 54. Ra7+ Kf6 55. fxg4 hxg4 56. Rh7 Rb1 57. Rh6+ Kg5 58. Rh8 f3+ 59. gxf3 Rb2+ 60. Kf1 gxf3 61. Rf8 Kg4 62. e5 dxe5 63. d6 Rb7 64. Kf2 Rd7 65. h3+ Kg5 66. Kxf3 Rxd6 67. Ke4 Rd7 68. Kxe5 Kh4 69. Rf4+ Kxh3 70. Rxd4 Re7+ 71. Kf4 Rf7+ 72. Ke3 Kg3 73. Re4 Rf3+ 74. Kd2 Rf2+ 75. Kc3 Rf8 76. d4 Kf3 77. Re7 Kf4 78. d5 Kf5 79. Kd4 Kf6 80. Re1 Kf7 81. Rf1+ Ke8 82. Rxf8+ Kxf8 83. Kc5 Ke8 84. Kc6 Kd8 85. Kd6 1-0

[Event "Cappelle op 32nd"]
[Site "Cappelle la Grande"]
[Date "2016.02.16"]
[Round "5"]
[White "Kveinys, Aloyzas"]
[Black "Podvin, Francois Xavier"]
[Result "1-0"]
[WhiteElo "2524"]
[BlackElo "2131"]
[PlyCount "51"]
[EventDate "2016.02.13"]
[EventType "swiss"]
[EventRounds "9"]
[EventCountry "FRA"]
[SourceTitle "EXT 2017"]
[Source "ChessBase"]
[SourceDate "2016.10.25"]
[SourceVersion "1"]
[SourceVersionDate "2016.10.25"]
[SourceQuality "1"]

1. d4 Nf6 2. Nf3 e6 3. Bf4 c5 4. e3 d5 5. Nbd2 Nc6 6. c3 Bd6 7. Bg3 0-0 8. Bd3 Re8 9. Ne5 Bxe5 10. dxe5 Nd7 11. f4 c4 12. Bc2 Qb6 13. 0-0 Qxe3+ 14. Kh1 Nf8 15. Rf3 Qc5 16. Bf2 Qe7 17. Rh3 f5 18. exf6 Qxf6 19. Bxh7+ Nxh7 20. Qh5 Nf8 21. Qxe8 e5 22. Rh4 e4 23. Re1 Ne7 24. Rh5 Bg4 25. Qxa8 Bxh5 26. Qxb7 1-0

[Event "EU-ch rapid"]
[Site "Wroclaw"]
[Date "2014.12.21"]
[Round "8"]
[White "Nagy, Gabor1111"]
[Black "Podvin, Francois Xavier"]
[Result "1-0"]
[WhiteElo "2422"]
[BlackElo "2181"]
[PlyCount "59"]
[EventDate "2014.12.20"]
[EventType "swiss (rapid)"]
[EventRounds "11"]
[EventCountry "POL"]
[SourceTitle "CBM 164 Extra"]
[Source "ChessBase"]
[SourceDate "2015.03.02"]
[SourceVersion "1"]
[SourceVersionDate "2015.03.02"]
[SourceQuality "1"]

1. Nf3 c5 2. c4 Nc6 3. d4 cxd4 4. Nxd4 g6 5. e4 Nf6 6. Nc3 Nxd4 7. Qxd4 d6 8. Be3 Bg7 9. f3 0-0 10. Qd2 a5 11. Rd1 a4 12. Be2 Be6 13. 0-0 Qa5 14. Nb5 Rfc8 15. Qxa5 Rxa5 16. Rc1 Nd7 17. Nd4 Bxd4 18. Bxd4 f5 19. exf5 gxf5 20. Rfe1 Kf7 21. Rc3 Ne5 22. f4 Ng4 23. Rh3 Bxc4 24. Rxh7+ Kg6 25. Rxe7 Rd5 26. Bc3 Bxe2 27. R7xe2 a3 28. Re7 axb2 29. R1e6+ Kh5 30. Rh7+ 1-0

[Event "Francophone-ch rapid"]
[Site "St Laurent"]
[Date "2014.??.??"]
[Round "3"]
[White "Debray, Christopher"]
[Black "Podvin, Francois Xavier"]
[Result "1-0"]
[WhiteElo "2363"]
[BlackElo "2172"]
[PlyCount "59"]
[EventDate "2014.07.05"]
[EventType "swiss (rapid)"]
[EventRounds "15"]
[EventCountry "FRA"]
[SourceTitle "CBM 161 Extra"]
[Source "ChessBase"]
[SourceDate "2014.08.29"]
[SourceVersion "1"]
[SourceVersionDate "2014.08.29"]
[SourceQuality "1"]

1. e4 c5 2. Nf3 d6 3. d4 cxd4 4. Nxd4 Nf6 5. Nc3 g6 6. Be2 Bg7 7. 0-0 0-0 8. Bg5 Nc6 9. Nb3 a6 10. Re1 b5 11. Bf1 Bb7 12. a4 b4 13. Nd5 Re8 14. Nxf6+ exf6 15. Bf4 Ne5 16. a5 Rc8 17. Ra4 Nc6 18. Bxd6 Re6 19. Bg3 Qe7 20. f3 Rd8 21. Qc1 f5 22. Bc4 Re5 23. Bxe5 Bxe5 24. f4 Bd4+ 25. Nxd4 Rxd4 26. Bd5 fxe4 27. Bxc6 Bxc6 28. c3 Qc5 29. cxd4 Qxd4+ 30. Qe3 1-0

[Event "Francophone-ch rapid"]
[Site "St Laurent"]
[Date "2014.??.??"]
[Round "6"]
[White "Dubessay, Bastien"]
[Black "Podvin, Francois Xavier"]
[Result "1/2-1/2"]
[WhiteElo "2349"]
[BlackElo "2172"]
[PlyCount "81"]
[EventDate "2014.07.05"]
[EventType "swiss (rapid)"]
[EventRounds "15"]
[EventCountry "FRA"]
[SourceTitle "CBM 161 Extra"]
[Source "ChessBase"]
[SourceDate "2014.08.29"]
[SourceVersion "1"]
[SourceVersionDate "2014.08.29"]
[SourceQuality "1"]

1. d4 Nf6 2. c4 c5 3. d5 e6 4. Nc3 exd5 5. cxd5 d6 6. Nf3 g6 7. Bf4 a6 8. a4 Bg7 9. h3 0-0 10. e3 Qe7 11. Be2 Nbd7 12. 0-0 Ne8 13. Nd2 Rb8 14. Ra3 Nc7 15. Nde4 Be5 16. Bg5 f6 17. Bh6 Re8 18. a5 b5 19. axb6 Rxb6 20. Rb3 f5 21. Bg5 Qg7 22. Nd2 h6 23. Bf4 Bxf4 24. exf4 Qd4 25. Nf3 Qxd1 26. Bxd1 Bb7 27. Na4 Rxb3 28. Bxb3 Bxd5 29. Bxd5+ Nxd5 30. Rd1 N7f6 31. g4 Re4 32. Nc3 Nxc3 33. bxc3 fxg4 34. Rxd6 Rxf4 35. Ne5 gxh3 36. Rxa6 Rf5 37. Ra8+ Kg7 38. Ra7+ Kg8 39. Ra8+ Kg7 40. Ra7+ Kg8 41. Ra8+ 1/2-1/2

[Event "Francophone-ch rapid"]
[Site "St Laurent"]
[Date "2014.??.??"]
[Round "12"]
[White "Pile, Richard"]
[Black "Podvin, Francois Xavier"]
[Result "1-0"]
[WhiteElo "2412"]
[BlackElo "2172"]
[PlyCount "117"]
[EventDate "2014.07.05"]
[EventType "swiss (rapid)"]
[EventRounds "15"]
[EventCountry "FRA"]
[SourceTitle "CBM 161 Extra"]
[Source "ChessBase"]
[SourceDate "2014.08.29"]
[SourceVersion "1"]
[SourceVersionDate "2014.08.29"]
[SourceQuality "1"]

1. Nf3 c5 2. e4 d6 3. Bb5+ Nc6 4. 0-0 Bd7 5. Re1 a6 6. Bf1 Bg4 7. h3 Bxf3 8. Qxf3 Nf6 9. Qd1 g6 10. c3 Bg7 11. d4 cxd4 12. cxd4 0-0 13. Nc3 e5 14. d5 Ne7 15. Qb3 Rb8 16. Be3 b5 17. Bd3 Nd7 18. a4 b4 19. Nb1 f5 20. f3 f4 21. Bf2 h5 22. Nd2 g5 23. Be2 Nf6 24. Rec1 Rf7 25. a5 Bf8 26. Bxa6 g4 27. Bf1 Rg7 28. Kh1 Nh7 29. Qa4 Ng5 30. fxg4 hxg4 31. hxg4 Ng6 32. a6 f3 33. a7 Ra8 34. g3 Rh7+ 35. Kg1 Nh3+ 36. Bxh3 Rxh3 37. Nxf3 Qf6 38. Qd1 Be7 39. Kg2 Rh7 40. Be3 Rf7 41. Qe2 Qg7 42. Rh1 Bf8 43. Bh6 Qf6 44. Bg5 Qg7 45. Qe3 Rfxa7 46. Rxa7 Qxa7 47. Qxa7 Rxa7 48. Bd2 Ra2 49. Rb1 b3 50. Bc3 Ra4 51. Nd2 Bh6 52. Kf3 Ra7 53. Nxb3 Rf7+ 54. Kg2 Be3 55. Rf1 Rb7 56. Na5 Rb5 57. Nc4 Bc5 58. b4 Bxb4 59. Rb1 1-0

[Event "FRA-ch U20"]
[Site "Montlucon"]
[Date "2011.04.24"]
[Round "9"]
[White "Demuth, Adrien"]
[Black "Podvin, Francois Xavier"]
[Result "1/2-1/2"]
[WhiteElo "2375"]
[BlackElo "2000"]
[PlyCount "83"]
[EventDate "2011.04.17"]
[EventType "swiss"]
[EventRounds "9"]
[EventCountry "FRA"]
[SourceTitle "CBM 142 Extra"]
[Source "ChessBase"]
[SourceDate "2011.06.27"]
[SourceVersion "1"]
[SourceVersionDate "2011.06.27"]
[SourceQuality "1"]

1. d4 Nf6 2. c4 c5 3. d5 b5 4. cxb5 a6 5. bxa6 g6 6. Nc3 Bxa6 7. Nf3 d6 8. g3 Nbd7 9. Bg2 Bg7 10. Rb1 Nb6 11. b3 Bb7 12. Nh4 0-0 13. 0-0 Ne8 14. Bb2 Bxc3 15. Bxc3 Rxa2 16. b4 c4 17. Qd4 Nf6 18. e4 Qc7 19. Rfc1 e5 20. dxe6 fxe6 21. Rd1 e5 22. Qxd6 Qxd6 23. Rxd6 Nc8 24. Rd2 Rxd2 25. Bxd2 Bxe4 26. Rc1 Bxg2 27. Nxg2 Ne4 28. Be1 Ncd6 29. Ne3 Rc8 30. Kg2 Kf7 31. f3 Nf6 32. b5 Nxb5 33. Rxc4 Rxc4 34. Nxc4 Ke6 35. Bb4 Nd4 36. Bc3 Nc6 37. Bb2 Kd5 38. Ne3+ Ke6 39. Kf2 Nd5 40. Nxd5 Kxd5 41. Ke3 Ne7 42. Kd3 1/2-1/2

[Event "FRA-ch U20"]
[Site "Montlucon"]
[Date "2011.04.22"]
[Round "7"]
[White "Chandesris, Ludovic"]
[Black "Podvin, Francois Xavier"]
[Result "1/2-1/2"]
[WhiteElo "2121"]
[BlackElo "2000"]
[PlyCount "81"]
[EventDate "2011.04.17"]
[EventType "swiss"]
[EventRounds "9"]
[EventCountry "FRA"]
[SourceTitle "CBM 142 Extra"]
[Source "ChessBase"]
[SourceDate "2011.06.27"]
[SourceVersion "1"]
[SourceVersionDate "2011.06.27"]
[SourceQuality "1"]

1. e4 c5 2. Nf3 Nc6 3. Bb5 Nf6 4. Nc3 Qc7 5. 0-0 Nd4 6. Re1 a6 7. Bf1 Ng4 8. g3 Nxf3+ 9. Qxf3 Ne5 10. Qe2 e6 11. Nd5 exd5 12. exd5 d6 13. f4 f6 14. fxe5 dxe5 15. a4 Bd6 16. c4 a5 17. Bh3 h5 18. Bxc8 Qxc8 19. Qe4 Qg4 20. d3 0-0-0 21. Bd2 b6 22. Rf1 Rdf8 23. Rae1 Kc7 24. Kg2 Qd7 25. b3 h4 26. Qf5 Qf7 27. Qf3 hxg3 28. hxg3 Rh5 29. Rh1 Rfh8 30. Rxh5 Rxh5 31. Rh1 Rxh1 32. Kxh1 Qg6 33. g4 Qh7+ 34. Kg2 e4 35. Qh3 Qxh3+ 36. Kxh3 exd3 37. Kg2 g5 38. Kf2 Bf4 39. Ke1 Be5 40. Be3 Bc3+ 41. Bd2 1/2-1/2

[Event "FRA-ch U20"]
[Site "Montlucon"]
[Date "2011.04.21"]
[Round "6"]
[White "Podvin, Francois Xavier"]
[Black "Bouget, Alexandre"]
[Result "1/2-1/2"]
[WhiteElo "2000"]
[BlackElo "2189"]
[PlyCount "66"]
[EventDate "2011.04.17"]
[EventType "swiss"]
[EventRounds "9"]
[EventCountry "FRA"]
[SourceTitle "CBM 142 Extra"]
[Source "ChessBase"]
[SourceDate "2011.06.27"]
[SourceVersion "1"]
[SourceVersionDate "2011.06.27"]
[SourceQuality "1"]

1. e4 e5 2. d4 exd4 3. Qxd4 Nc6 4. Qe3 Nf6 5. Nc3 Bb4 6. Bd2 0-0 7. 0-0-0 Re8 8. Qg3 Rxe4 9. a3 Rg4 10. Qe3 Bf8 11. h3 Rg6 12. Bc4 d5 13. Be1 d4 14. Qe2 Qe8 15. Nd5 Qxe2 16. Nxe2 Nxd5 17. Bxd5 Be6 18. Be4 f5 19. Bxc6 bxc6 20. Nf4 Rf6 21. Nxe6 Rxe6 22. Rxd4 Rae8 23. Bc3 Bc5 24. Rd7 R8e7 25. Rxe7 Rxe7 26. Re1 Rd7 27. Re5 Rd5 28. f3 Bd6 29. Re2 Kf7 30. Bd2 f4 31. Re4 g5 32. c4 Rf5 33. Bc3 c5 1/2-1/2

[Event "FRA-chT1 0910"]
[Site "France"]
[Date "2009.11.22"]
[Round "5.7"]
[White "Jeannerot, Lea"]
[Black "Podvin, Francois Xavier"]
[Result "1-0"]
[WhiteElo "2027"]
[BlackElo "1934"]
[PlyCount "99"]
[EventDate "2009.09.27"]
[EventType "team-tourn"]
[EventRounds "11"]
[EventCountry "FRA"]
[SourceTitle "EXT 2011"]
[Source "ChessBase"]
[SourceDate "2010.11.26"]
[SourceVersion "1"]
[SourceVersionDate "2010.11.26"]
[SourceQuality "1"]

1. Nf3 b6 2. b3 Bb7 3. Bb2 e6 4. e3 f5 5. Ne5 Nf6 6. c4 Na6 7. a3 Be7 8. d4 c5 9. Nd2 0-0 10. Ndf3 Ne4 11. Be2 Bf6 12. 0-0 d6 13. Nd3 g5 14. b4 Qe8 15. Qc2 Rc8 16. bxc5 bxc5 17. Rab1 Bc6 18. Nd2 Ba4 19. Qc1 cxd4 20. Bxd4 e5 21. Ba1 Nac5 22. Nxe4 Nxe4 23. Nb4 Bc6 24. f3 Nc5 25. Qd2 Be7 26. Rfd1 Ba4 27. Rf1 Bc6 28. Nxc6 Qxc6 29. Rfd1 Rb8 30. Qc2 Qa4 31. Qxa4 Nxa4 32. Bd3 Nc5 33. Bxf5 Rb3 34. Rxb3 Nxb3 35. Be6+ Kg7 36. Bc3 Nc5 37. Bd5 Rb8 38. Bb4 Na6 39. Bd2 Nc5 40. f4 gxf4 41. exf4 Rb3 42. fxe5 dxe5 43. Rf1 Bf6 44. Bb4 Nd3 45. c5 Rb2 46. c6 e4 47. Rxf6 e3 48. Rf1 Rc2 49. Be4 e2 50. Rb1 1-0

[Event "Nice op"]
[Site "Nice"]
[Date "2009.08.??"]
[Round "7"]
[White "Podvin, Francois Xavier"]
[Black "Lermuzeaux, Jean Marc"]
[Result "1-0"]
[WhiteElo "1928"]
[BlackElo "1600"]
[PlyCount "57"]
[EventDate "2009.08.??"]
[EventType "swiss"]
[EventRounds "9"]
[EventCountry "FRA"]
[SourceTitle "EXT 2010"]
[Source "ChessBase"]
[SourceDate "2010.11.25"]
[SourceVersion "1"]
[SourceVersionDate "2010.11.25"]
[SourceQuality "1"]

1. e4 e5 2. f4 exf4 3. Nf3 g5 4. h4 g4 5. Ne5 h5 6. Bc4 Nh6 7. d4 d6 8. Nd3 Be7 9. Bxf4 Bxh4+ 10. g3 Bf6 11. Rxh5 Nc6 12. Rxh6 Nxd4 13. Rxh8+ Bxh8 14. Nd2 Qe7 15. c3 Nf3+ 16. Nxf3 Qxe4+ 17. Qe2 Qxe2+ 18. Kxe2 gxf3+ 19. Kxf3 Be6 20. Rh1 0-0-0 21. Bxe6+ fxe6 22. g4 Rf8 23. Kg3 e5 24. Be3 Bg7 25. Rh7 Bf6 26. g5 Bd8 27. g6 e4 28. Nf4 c5 29. g7 1-0

[Event "Bethune op-B 25th"]
[Site "Bethune"]
[Date "2004.12.28"]
[Round "5"]
[White "Podvin, Francois Xavier"]
[Black "Bocquet, David"]
[Result "1/2-1/2"]
[WhiteElo "1490"]
[BlackElo "1710"]
[PlyCount "82"]
[EventDate "2004.12.26"]
[EventType "swiss"]
[EventRounds "7"]
[EventCountry "FRA"]
[SourceTitle "EXT 2006"]
[Source "ChessBase"]
[SourceDate "2005.11.24"]
[SourceVersion "1"]
[SourceVersionDate "2005.11.24"]
[SourceQuality "1"]

1. Nf3 f5 2. c4 e6 3. g3 Be7 4. d3 Nf6 5. Nc3 0-0 6. Bg2 c6 7. 0-0 d5 8. cxd5 cxd5 9. d4 Nc6 10. a3 a6 11. Bf4 Nh5 12. Be5 g5 13. Qd2 g4 14. Ne1 Nxe5 15. dxe5 Bg5 16. e3 Qc7 17. Qd4 Be7 18. b4 Bd7 19. Bxd5 exd5 20. Nxd5 Qd8 21. Nb6 Bb5 22. Nxa8 Qxd4 23. exd4 Rxa8 24. Ng2 Bxf1 25. Kxf1 Rd8 26. Rd1 Ng7 27. Nf4 Bg5 28. Ke2 Bxf4 29. gxf4 Ne6 30. Ke3 Kf7 31. d5 Nc7 32. d6 Nb5 33. a4 Nc3 34. Rd2 Nxa4 35. Rc2 Rd7 36. Kd4 Ke6 37. Rc8 Nb6 38. Rf8 Rf7 39. Re8+ Kd7 40. Rb8 Nc8 41. Kd5 Nb6+ 1/2-1/2

[Event "Bethune op-B 24th"]
[Site "Bethune"]
[Date "2003.12.30"]
[Round "7"]
[White "Podvin, Francois Xavier"]
[Black "Blondel, Francis"]
[Result "1-0"]
[WhiteElo "1340"]
[BlackElo "1499"]
[PlyCount "39"]
[EventDate "2003.12.26"]
[EventType "swiss"]
[EventRounds "9"]
[EventCountry "FRA"]
[SourceTitle "EXT 2005"]
[Source "ChessBase"]
[SourceDate "2004.11.15"]
[SourceVersion "1"]
[SourceVersionDate "2004.11.15"]
[SourceQuality "1"]

1. e4 b6 2. d4 e6 3. Bd3 Bb7 4. Ne2 d5 5. e5 Nd7 6. 0-0 c5 7. c3 cxd4 8. cxd4 Ne7 9. Bd2 f5 10. exf6 Nxf6 11. Nf4 Qd7 12. Re1 Ne4 13. f3 g5 14. Nxe6 Qxe6 15. fxe4 Qg6 16. Bb5+ Kf7 17. Rf1+ Kg7 18. e5 Nc6 19. Rf6 Qe4 20. Qh5 1-0